00361nam a2200145Ia 4500003000400000005001700004008004100021020001800062040002900080100002000109245003400129260003100163260000900194546001200203OSt20240120105938.0170619s9999 xx 000 0 und d a9780521263740 cIIMT ENGINEERING COLLEGE aDempster- M.A.H 0aRisk Management Value at Work bCambridge University Press c2011 aENGLISH